000 01288cam a2200241 4500
001 ABS67362
008 031219n2003 000 0 eng u
035 _a(Sirsi) u124662
100 _aDewar, D.
245 _aLast orders for use classes
260 _c2003
490 _aPlanning (for the Natural and Built Environment)
_v(1549) 12 December 2003, 8(1)
520 _aExamines government proposals to amend the Use Classes Order for restaurants, public houses and takeaways. The existing A3 class food and drink would be confined to cafes and restaurant whilst an A4 class would be created for public houses and bars whereas takeaways would be consigned to a new A5 class. A table lists use class revisions including details of permitted change of use for each new class. The aim is to help local authorities create the correct balance of business on the high street through sensible development rather than one that can have a negative impact on the local quality of life.
590 _aABS
650 _aUSE CLASSES
650 _aCHANGE OF USE
650 _aRESTAURANTS
650 _aPUBLIC HOUSES
650 _aBARS
650 _aTOWN AND COUNTRY PLANNING (USE CLASSES) ORDER 1987
690 _aENVIRONMENTAL AND LAND CONSULTANCY-PLANNING AND DEVELOPMENT
942 _n0
999 _c73984
_d73984